Ninjago Strongest Ninja By Order Quiz - Statistics

General Stats
  • This quiz has been taken 157 times
  • The average score is 5 of 6
Answer Stats
Hint Answer % Correct
1. Cole
93%
2. Lloyd
88%
3. Zane
82%
4. Kai
80%
5. Nya
72%
6. Jay
71%
No matching quizzes found
Score Distribution
Percent of People with Each Score
Percentile by Number Answered
Your Score History
You have not taken this quiz